[Event "ODJM A 2025"]
[Site "Willingen GER"]
[Date "2025.06.11"]
[Round "6"]
[White "Seifert, Hendrik"]
[Black "Jürgenpott, Maximilian"]
[Result "1/2-1/2"]
[Termination "normal"]
[Board "37"]
[WhiteElo "1811"]
[BlackElo "1867"]
[WhiteClock "00:00:43"]
[BlackClock "00:00:59"]
[PlyCount "80"]
[WhiteFideId "16241193"]
[BlackFideId "16297733"]
[EventCountry "GER"]
[EventRounds "9"]
[EventType "swiss"]
[EventDate "2025.06.07"]

1. e4 {[%clk 01:30:58]} {[%emt 00:00:02]} c6 {[%clk 01:30:53]} {[%emt
00:00:07]} 2. Nf3 {[%clk 01:31:24]} {[%emt 00:00:05]} d5 {[%clk 01:31:17]}
{[%emt 00:00:05]} 3. Nc3 {[%clk 01:31:44]} {[%emt 00:00:10]} Bg4 {[%clk
01:31:42]} {[%emt 00:00:05]} 4. d4 {[%clk 01:32:06]} {[%emt 00:00:08]} e6
{[%clk 01:29:04]} {[%emt 00:03:08]} 5. Be2 {[%clk 01:32:14]} {[%emt 00:00:22]}
dxe4 {[%clk 01:28:29]} {[%emt 00:01:05]} 6. Nxe4 {[%clk 01:32:30]} {[%emt
00:00:13]} Nf6 {[%clk 01:28:53]} {[%emt 00:00:06]} 7. Nxf6+ {[%clk 01:31:02]}
{[%emt 00:01:59]} Qxf6 {[%clk 01:29:09]} {[%emt 00:00:12]} 8. h3 {[%clk
01:30:40]} {[%emt 00:00:54]} Bxf3 {[%clk 01:26:37]} {[%emt 00:03:02]} 9. Bxf3
{[%clk 01:30:15]} {[%emt 00:00:56]} Bd6 {[%clk 01:26:56]} {[%emt 00:00:09]} 10.
c3 {[%clk 01:28:44]} {[%emt 00:02:02]} Nd7 {[%clk 01:22:07]} {[%emt 00:05:19]}
11. a4 {[%clk 01:26:35]} {[%emt 00:02:39]} O-O {[%clk 01:22:25]} {[%emt
00:00:12]} 12. O-O {[%clk 01:25:30]} {[%emt 00:01:35]} Rfd8 {[%clk 01:18:42]}
{[%emt 00:04:13]} 13. a5 {[%clk 01:20:00]} {[%emt 00:06:01]} a6 {[%clk
01:15:26]} {[%emt 00:03:45]} 14. Be3 {[%clk 01:17:53]} {[%emt 00:02:36]} e5
{[%clk 01:11:54]} {[%emt 00:04:03]} 15. g3 {[%clk 01:08:10]} {[%emt 00:10:13]}
Re8 {[%clk 01:09:29]} {[%emt 00:02:55]} 16. dxe5 {[%clk 01:03:09]} {[%emt
00:05:31]} Nxe5 {[%clk 01:09:37]} {[%emt 00:00:21]} 17. Bg2 {[%clk 01:02:34]}
{[%emt 00:01:06]} Nc4 {[%clk 01:09:06]} {[%emt 00:00:58]} 18. Bd4 {[%clk
00:58:55]} {[%emt 00:04:12]} Be5 {[%clk 01:00:28]} {[%emt 00:09:07]} 19. Bxe5
{[%clk 00:47:18]} {[%emt 00:12:09]} Qxe5 {[%clk 00:57:33]} {[%emt 00:03:24]}
20. Qg4 {[%clk 00:34:59]} {[%emt 00:12:45]} Nxa5 {[%clk 00:40:12]} {[%emt
00:17:55]} 21. Qb4 {[%clk 00:29:03]} {[%emt 00:06:25]} b6 {[%clk 00:39:11]}
{[%emt 00:01:31]} 22. Qxb6 {[%clk 00:28:41]} {[%emt 00:00:53]} Nc4 {[%clk
00:39:18]} {[%emt 00:00:23]} 23. Qb4 {[%clk 00:20:03]} {[%emt 00:09:07]} Nd2
{[%clk 00:22:37]} {[%emt 00:17:11]} 24. Rfd1 {[%clk 00:13:45]} {[%emt
00:06:48]} Reb8 {[%clk 00:21:49]} {[%emt 00:01:18]} 25. Qa4 {[%clk 00:11:32]}
{[%emt 00:02:43]} Rxb2 {[%clk 00:13:17]} {[%emt 00:09:02]} 26. Qxc6 {[%clk
00:09:26]} {[%emt 00:02:36]} Rab8 {[%clk 00:13:30]} {[%emt 00:00:16]} 27. Re1
{[%clk 00:08:29]} {[%emt 00:01:29]} Qb5 {[%clk 00:10:02]} {[%emt 00:03:57]} 28.
Rxa6 {[%clk 00:06:09]} {[%emt 00:02:50]} g6 {[%clk 00:08:45]} {[%emt 00:01:48]}
29. Qxb5 {[%clk 00:06:22]} {[%emt 00:00:17]} R8xb5 {[%clk 00:08:38]} {[%emt
00:00:37]} 30. Rc6 {[%clk 00:01:44]} {[%emt 00:05:06]} Rc2 {[%clk 00:02:14]}
{[%emt 00:06:56]} 31. Be4 {[%clk 00:00:36]} {[%emt 00:01:38]} Ra2 {[%clk
00:01:16]} {[%emt 00:01:28]} 32. Bg2 {[%clk 00:00:33]} {[%emt 00:00:34]} Rc2
{[%clk 00:01:22]} {[%emt 00:00:22]} 33. Rc8+ {[%clk 00:00:36]} {[%emt
00:00:28]} Kg7 {[%clk 00:01:46]} {[%emt 00:00:06]} 34. Be4 {[%clk 00:00:33]}
Ra2 {[%clk 00:01:40]} {[%emt 00:01:07]} 35. Ra8 {[%clk 00:00:35]} Rab2 {[%clk
00:01:02]} {[%emt 00:01:37]} 36. Bg2 {[%clk 00:00:31]} Rc5 {[%clk 00:01:13]}
{[%emt 00:00:53]} 37. Rc1 {[%clk 00:00:32]} Rb3 {[%clk 00:00:43]} {[%emt
00:01:28]} 38. Ra7 Rbxc3 {[%clk 00:00:49]} 39. Rxc3 {[%clk 00:00:56]} {[%emt
00:00:11]} Rxc3 {[%clk 00:01:14]} {[%emt 00:00:04]} 40. Bd5 {[%clk 00:00:43]}
{[%emt 00:00:44]} Nf3+ {[%clk 00:00:59]} {[%emt 00:00:44]} 1/2-1/2

[Event "ODJM A 2025"]
[Site "Willingen GER"]
[Date "2025.06.11"]
[Round "6"]
[White "Retzlaff, Kian"]
[Black "Heilig, Tim Markus"]
[Result "1-0"]
[Termination "normal"]
[Board "38"]
[WhiteElo "1946"]
[BlackElo "1926"]
[WhiteClock "00:01:04"]
[BlackClock "00:00:52"]
[PlyCount "209"]
[WhiteFideId "34606700"]
[BlackFideId "16295935"]
[EventCountry "GER"]
[EventRounds "9"]
[EventType "swiss"]
[EventDate "2025.06.07"]

1. e4 {[%clk 01:30:57]} {[%emt 00:00:02]} c5 {[%clk 01:30:52]} {[%emt
00:00:10]} 2. Nf3 {[%clk 01:31:21]} {[%emt 00:00:04]} a6 {[%clk 01:31:14]}
{[%emt 00:00:09]} 3. c3 {[%clk 01:31:47]} {[%emt 00:00:04]} e6 {[%clk
01:31:33]} {[%emt 00:00:11]} 4. d4 {[%clk 01:31:25]} {[%emt 00:00:50]} d5
{[%clk 01:31:33]} {[%emt 00:00:31]} 5. e5 {[%clk 01:26:54]} {[%emt 00:05:01]}
Bd7 {[%clk 01:31:43]} {[%emt 00:00:21]} 6. Bd3 {[%clk 01:25:23]} {[%emt
00:01:57]} Nc6 {[%clk 01:31:38]} {[%emt 00:00:39]} 7. O-O {[%clk 01:21:41]}
{[%emt 00:04:12]} Qb6 {[%clk 01:31:08]} {[%emt 00:01:00]} 8. Bc2 {[%clk
01:13:45]} {[%emt 00:08:26]} cxd4 {[%clk 01:29:43]} {[%emt 00:01:55]} 9. cxd4
{[%clk 01:13:44]} {[%emt 00:00:28]} Rc8 {[%clk 01:23:32]} {[%emt 00:06:45]} 10.
Nc3 {[%clk 01:12:44]} {[%emt 00:01:28]} g5 {[%clk 01:13:45]} {[%emt 00:10:18]}
11. Nxg5 {[%clk 01:02:20]} {[%emt 00:10:53]} Qxd4 {[%clk 01:06:09]} {[%emt
00:08:07]} 12. Qh5 {[%clk 00:57:46]} {[%emt 00:05:03]} Nxe5 {[%clk 01:00:23]}
{[%emt 00:06:16]} 13. Re1 {[%clk 00:44:20]} {[%emt 00:13:56]} Qg4 {[%clk
00:52:08]} {[%emt 00:08:45]} 14. Bd1 {[%clk 00:41:31]} {[%emt 00:03:18]} Qxh5
{[%clk 00:49:28]} {[%emt 00:03:10]} 15. Bxh5 {[%clk 00:41:47]} {[%emt
00:00:13]} Ng6 {[%clk 00:36:19]} {[%emt 00:13:41]} 16. Nxd5 {[%clk 00:33:10]}
{[%emt 00:09:07]} Be7 {[%clk 00:32:08]} {[%emt 00:04:42]} 17. Nxe7 {[%clk
00:31:28]} {[%emt 00:02:11]} N8xe7 {[%clk 00:30:52]} {[%emt 00:01:46]} 18. Ne4
{[%clk 00:28:00]} {[%emt 00:03:54]} Rc7 {[%clk 00:24:32]} {[%emt 00:06:54]} 19.
Nf6+ {[%clk 00:23:06]} {[%emt 00:05:22]} Kd8 {[%clk 00:24:52]} {[%emt
00:00:12]} 20. Be3 {[%clk 00:20:57]} {[%emt 00:02:38]} Kc8 {[%clk 00:22:16]}
{[%emt 00:03:07]} 21. Red1 {[%clk 00:19:09]} {[%emt 00:02:18]} Nd5 {[%clk
00:20:11]} {[%emt 00:02:36]} 22. Nxd5 {[%clk 00:18:23]} {[%emt 00:01:16]} exd5
{[%clk 00:20:35]} {[%emt 00:00:06]} 23. Rxd5 {[%clk 00:17:39]} {[%emt
00:01:14]} Bc6 {[%clk 00:19:20]} {[%emt 00:01:45]} 24. Rdd1 {[%clk 00:16:16]}
{[%emt 00:01:52]} f5 {[%clk 00:17:12]} {[%emt 00:02:38]} 25. Rac1 {[%clk
00:14:48]} {[%emt 00:01:57]} Nh4 {[%clk 00:15:49]} {[%emt 00:01:54]} 26. f3
{[%clk 00:12:17]} {[%emt 00:03:01]} Rg8 {[%clk 00:16:07]} {[%emt 00:00:13]} 27.
Rc2 {[%clk 00:09:45]} {[%emt 00:03:02]} Nxf3+ {[%clk 00:13:12]} {[%emt
00:03:25]} 28. Bxf3 {[%clk 00:05:32]} {[%emt 00:04:43]} Bxf3 {[%clk 00:13:35]}
{[%emt 00:00:07]} 29. Rxc7+ {[%clk 00:05:33]} {[%emt 00:00:28]} Kxc7 {[%clk
00:14:00]} {[%emt 00:00:05]} 30. Rc1+ {[%clk 00:05:59]} {[%emt 00:00:04]} Bc6
{[%clk 00:12:42]} {[%emt 00:01:48]} 31. g3 {[%clk 00:05:49]} {[%emt 00:00:40]}
Re8 {[%clk 00:09:24]} {[%emt 00:03:48]} 32. Kf2 {[%clk 00:05:42]} {[%emt
00:00:36]} Re4 {[%clk 00:08:09]} {[%emt 00:01:46]} 33. Rc5 {[%clk 00:05:06]}
{[%emt 00:01:03]} Kd6 {[%clk 00:05:47]} {[%emt 00:02:55]} 34. Rxf5 {[%clk
00:02:55]} {[%emt 00:02:41]} Rc4 {[%clk 00:05:15]} {[%emt 00:01:02]} 35. Bf4+
{[%clk 00:02:58]} {[%emt 00:00:26]} Ke6 {[%clk 00:05:08]} {[%emt 00:00:39]} 36.
Re5+ {[%clk 00:03:12]} {[%emt 00:00:15]} Kf6 {[%clk 00:05:04]} {[%emt
00:00:34]} 37. Re2 {[%clk 00:03:10]} {[%emt 00:00:30]} Be4 {[%clk 00:03:39]}
{[%emt 00:01:57]} 38. Bd2 {[%clk 00:02:33]} {[%emt 00:01:07]} Bg6 {[%clk
00:02:39]} {[%emt 00:01:30]} 39. Bc3+ {[%clk 00:02:29]} {[%emt 00:00:34]} Kf7
{[%clk 00:02:07]} {[%emt 00:01:02]} 40. Rd2 {[%clk 00:01:30]} {[%emt 00:01:27]}
Rc7 {[%clk 00:01:41]} {[%emt 00:00:57]} 41. Rd4 {[%clk 00:27:42]} {[%emt
00:04:18]} Ke6 {[%clk 00:28:28]} {[%emt 00:03:43]} 42. Ke3 {[%clk 00:23:47]}
{[%emt 00:04:24]} Rd7 {[%clk 00:26:29]} {[%emt 00:02:32]} 43. Rf4 {[%clk
00:23:35]} {[%emt 00:00:36]} Rf7 {[%clk 00:26:35]} {[%emt 00:00:28]} 44. Rb4
{[%clk 00:22:35]} {[%emt 00:01:29]} Kd5 {[%clk 00:22:11]} {[%emt 00:04:56]} 45.
Rd4+ {[%clk 00:20:28]} {[%emt 00:02:35]} Ke6 {[%clk 00:21:58]} {[%emt
00:00:44]} 46. Rh4 {[%clk 00:18:48]} {[%emt 00:02:08]} Kd5 {[%clk 00:16:41]}
{[%emt 00:05:50]} 47. Rb4 {[%clk 00:12:43]} {[%emt 00:06:32]} Ke6 {[%clk
00:14:48]} {[%emt 00:02:27]} 48. a4 {[%clk 00:10:29]} {[%emt 00:02:41]} Kd5
{[%clk 00:14:20]} {[%emt 00:01:00]} 49. Rd4+ {[%clk 00:10:13]} {[%emt
00:00:45]} Ke6 {[%clk 00:14:05]} {[%emt 00:00:47]} 50. Rd8 {[%clk 00:09:57]}
{[%emt 00:00:45]} Rd7 {[%clk 00:13:15]} {[%emt 00:01:20]} 51. Rc8 {[%clk
00:09:36]} {[%emt 00:00:48]} Kd5 {[%clk 00:10:22]} {[%emt 00:03:26]} 52. Kf4
{[%clk 00:09:01]} {[%emt 00:01:03]} Rf7+ {[%clk 00:09:28]} {[%emt 00:01:25]}
53. Kg5 {[%clk 00:07:54]} {[%emt 00:01:37]} Ke6 {[%clk 00:09:06]} {[%emt
00:00:52]} 54. g4 {[%clk 00:07:01]} {[%emt 00:01:22]} Kd7 {[%clk 00:07:01]}
{[%emt 00:02:37]} 55. Rg8 {[%clk 00:05:49]} {[%emt 00:01:40]} Bc2 {[%clk
00:06:24]} {[%emt 00:01:09]} 56. a5 {[%clk 00:05:56]} {[%emt 00:00:23]} Ke7
{[%clk 00:06:08]} {[%emt 00:00:46]} 57. h4 {[%clk 00:05:56]} {[%emt 00:00:30]}
Bd3 {[%clk 00:05:48]} {[%emt 00:00:50]} 58. h5 {[%clk 00:05:09]} {[%emt
00:01:16]} Bc2 {[%clk 00:05:19]} {[%emt 00:01:00]} 59. Kh6 {[%clk 00:04:58]}
{[%emt 00:00:41]} Rf3 {[%clk 00:02:40]} {[%emt 00:03:10]} 60. g5 {[%clk
00:04:24]} {[%emt 00:01:03]} Rh3 {[%clk 00:02:09]} {[%emt 00:01:01]} 61. Rg7+
{[%clk 00:03:44]} {[%emt 00:01:10]} Kf8 {[%clk 00:01:11]} {[%emt 00:01:28]} 62.
Bb4+ {[%clk 00:02:36]} {[%emt 00:01:38]} Ke8 {[%clk 00:01:30]} {[%emt
00:00:12]} 63. Rxb7 {[%clk 00:01:04]} {[%emt 00:02:01]} Bg6 {[%clk 00:01:25]}
{[%emt 00:00:35]} 64. Rxh7 {[%clk 00:00:39]} {[%emt 00:00:55]} Bxh7 {[%clk
00:01:08]} {[%emt 00:00:47]} 65. Kxh7 {[%clk 00:01:07]} {[%emt 00:00:02]} Rxh5+
{[%clk 00:01:29]} {[%emt 00:00:09]} 66. Kg6 {[%clk 00:01:32]} {[%emt 00:00:04]}
Rh4 {[%clk 00:01:33]} {[%emt 00:00:27]} 67. Bc5 {[%clk 00:01:09]} {[%emt
00:00:51]} Rc4 {[%clk 00:01:27]} {[%emt 00:00:37]} 68. b4 {[%clk 00:01:30]}
{[%emt 00:00:09]} Rg4 {[%clk 00:00:49]} {[%emt 00:01:08]} 69. Kf6 {[%clk
00:01:21]} {[%emt 00:00:39]} Rf4+ {[%clk 00:00:53]} {[%emt 00:00:27]} 70. Kg7
{[%clk 00:01:24]} {[%emt 00:00:27]} Rg4 {[%clk 00:00:41]} {[%emt 00:00:42]} 71.
g6 {[%clk 00:00:56]} {[%emt 00:00:57]} Rg2 {[%clk 00:00:50]} {[%emt 00:00:22]}
72. Kh7 {[%clk 00:00:41]} {[%emt 00:00:45]} Rh2+ {[%clk 00:01:12]} {[%emt
00:00:09]} 73. Kg8 {[%clk 00:00:41]} {[%emt 00:00:29]} Rg2 {[%clk 00:01:13]}
{[%emt 00:00:30]} 74. Kh7 {[%clk 00:00:33]} {[%emt 00:00:38]} Rh2+ {[%clk
00:01:31]} {[%emt 00:00:12]} 75. Kg7 {[%clk 00:00:39]} {[%emt 00:00:23]} Rg2
{[%clk 00:01:55]} {[%emt 00:00:05]} 76. Kf6 {[%clk 00:00:54]} {[%emt 00:00:16]}
Rg3 {[%clk 00:01:51]} {[%emt 00:00:34]} 77. g7 {[%clk 00:00:43]} {[%emt
00:00:41]} Rf3+ {[%clk 00:01:53]} {[%emt 00:00:27]} 78. Ke6 {[%clk 00:01:03]}
{[%emt 00:00:08]} Rg3 {[%clk 00:01:57]} {[%emt 00:00:29]} 79. Bf8 {[%clk
00:00:49]} {[%emt 00:00:44]} Rg6+ {[%clk 00:01:17]} {[%emt 00:01:10]} 80. Kd5
{[%clk 00:00:58]} {[%emt 00:00:21]} Kf7 {[%clk 00:01:12]} {[%emt 00:00:36]} 81.
Kc5 {[%clk 00:01:04]} {[%emt 00:00:24]} Rg5+ {[%clk 00:00:35]} {[%emt
00:01:06]} 82. Kb6 {[%clk 00:00:59]} {[%emt 00:00:35]} Rg6+ {[%clk 00:00:50]}
{[%emt 00:00:15]} 83. Kb7 {[%clk 00:01:08]} {[%emt 00:00:21]} Re6 {[%clk
00:00:52]} {[%emt 00:00:27]} 84. Kc7 {[%clk 00:00:37]} {[%emt 00:01:03]} Rg6
{[%clk 00:01:01]} {[%emt 00:00:20]} 85. Kb8 {[%clk 00:00:39]} {[%emt 00:00:31]}
Rc6 {[%clk 00:01:05]} {[%emt 00:00:25]} 86. Kb7 {[%clk 00:00:41]} {[%emt
00:00:28]} Re6 {[%clk 00:01:10]} {[%emt 00:00:24]} 87. Ka8 {[%clk 00:00:43]}
{[%emt 00:00:28]} Re8+ {[%clk 00:00:59]} {[%emt 00:00:41]} 88. Ka7 {[%clk
00:01:02]} {[%emt 00:00:11]} Re6 {[%clk 00:01:25]} {[%emt 00:00:05]} 89. Kb7
{[%clk 00:01:04]} {[%emt 00:00:27]} Rg6 {[%clk 00:01:41]} {[%emt 00:00:15]} 90.
Kc7 {[%clk 00:00:56]} {[%emt 00:00:37]} Re6 {[%clk 00:01:52]} {[%emt 00:00:18]}
91. Kd7 {[%clk 00:00:57]} {[%emt 00:00:32]} Rg6 {[%clk 00:01:54]} {[%emt
00:00:27]} 92. Kc8 {[%clk 00:00:43]} {[%emt 00:00:43]} Re6 {[%clk 00:01:49]}
{[%emt 00:00:35]} 93. Kc7 {[%clk 00:00:52]} {[%emt 00:00:21]} Rg6 {[%clk
00:02:05]} {[%emt 00:00:15]} 94. Kb7 {[%clk 00:01:05]} {[%emt 00:00:17]} Re6
{[%clk 00:01:51]} {[%emt 00:01:33]} 95. Bc5 {[%clk 00:00:54]} {[%emt 00:02:43]}
Kxg7 {[%clk 00:01:08]} {[%emt 00:01:14]} 96. Bb6 {[%clk 00:01:00]} {[%emt
00:00:24]} Kf7 {[%clk 00:01:21]} {[%emt 00:00:15]} 97. Kxa6 {[%clk 00:01:11]}
{[%emt 00:00:19]} Ke8 {[%clk 00:01:25]} {[%emt 00:00:27]} 98. Kb7 {[%clk
00:01:17]} {[%emt 00:00:25]} Re7+ {[%clk 00:00:51]} {[%emt 00:01:03]} 99. Kc6
{[%clk 00:00:36]} {[%emt 00:01:12]} Re6+ {[%clk 00:01:05]} {[%emt 00:00:15]}
100. Kb7 {[%clk 00:00:39]} {[%emt 00:00:26]} Re7+ {[%clk 00:00:48]} {[%emt
00:00:48]} 101. Bc7 {[%clk 00:00:49]} {[%emt 00:00:19]} Kd7 {[%clk 00:00:48]}
{[%emt 00:00:32]} 102. a6 {[%clk 00:00:40]} {[%emt 00:00:38]} Re4 {[%clk
00:00:44]} {[%emt 00:00:34]} 103. b5 {[%clk 00:00:54]} {[%emt 00:00:15]} Rb4
{[%clk 00:00:37]} {[%emt 00:00:38]} 104. b6 {[%clk 00:01:06]} {[%emt 00:00:18]}
Ra4 {[%clk 00:00:52]} {[%emt 00:00:16]} 105. a7 {[%clk 00:01:04]} {[%emt
00:00:31]} 1-0

[Event "ODJM A 2025"]
[Site "Willingen GER"]
[Date "2025.06.13"]
[Round "8"]
[White "Kololli, Martin"]
[Black "Menzel, Maximilian"]
[Result "1/2-1/2"]
[Termination "normal"]
[Board "1"]
[WhiteTitle "FM"]
[WhiteElo "2311"]
[BlackElo "2199"]
[WhiteClock "00:11:42"]
[BlackClock "00:12:14"]
[PlyCount "49"]
[WhiteFideId "12936910"]
[BlackFideId "34617280"]
[EventCountry "GER"]
[EventRounds "9"]
[EventType "swiss"]
[EventDate "2025.06.07"]

1. e4 {[%clk 01:30:57]} {[%emt 00:00:03]} c6 {[%clk 01:30:55]} {[%emt
00:00:04]} 2. c4 {[%clk 01:31:23]} {[%emt 00:00:05]} d5 {[%clk 01:31:20]}
{[%emt 00:00:04]} 3. exd5 {[%clk 01:31:49]} {[%emt 00:00:04]} cxd5 {[%clk
01:31:46]} {[%emt 00:00:04]} 4. cxd5 {[%clk 01:32:13]} {[%emt 00:00:06]} Nf6
{[%clk 01:32:11]} {[%emt 00:00:04]} 5. Nc3 {[%clk 01:32:38]} {[%emt 00:00:05]}
Nxd5 {[%clk 01:32:37]} {[%emt 00:00:05]} 6. Nf3 {[%clk 01:32:58]} {[%emt
00:00:10]} Nc6 {[%clk 01:32:59]} {[%emt 00:00:08]} 7. d4 {[%clk 01:32:47]}
{[%emt 00:00:42]} g6 {[%clk 01:33:11]} {[%emt 00:00:17]} 8. Qb3 {[%clk
01:05:52]} {[%emt 00:27:24]} Nxc3 {[%clk 01:33:25]} {[%emt 00:00:17]} 9. bxc3
{[%clk 01:06:03]} {[%emt 00:00:19]} Bg7 {[%clk 01:33:02]} {[%emt 00:00:53]} 10.
Bb5 {[%clk 01:00:52]} {[%emt 00:05:40]} O-O {[%clk 01:31:06]} {[%emt 00:02:26]}
11. Bxc6 {[%clk 00:58:27]} {[%emt 00:02:56]} bxc6 {[%clk 01:31:18]} {[%emt
00:00:19]} 12. O-O {[%clk 00:57:56]} {[%emt 00:01:00]} Be6 {[%clk 01:18:23]}
{[%emt 00:13:24]} 13. Qa3 {[%clk 00:51:23]} {[%emt 00:07:04]} Qc7 {[%clk
01:08:39]} {[%emt 00:10:14]} 14. Re1 {[%clk 00:47:03]} {[%emt 00:04:50]} c5
{[%clk 00:52:35]} {[%emt 00:16:35]} 15. Bg5 {[%clk 00:38:37]} {[%emt 00:08:55]}
Rfd8 {[%clk 00:40:59]} {[%emt 00:12:05]} 16. Rac1 {[%clk 00:29:06]} {[%emt
00:10:01]} Bf6 {[%clk 00:29:28]} {[%emt 00:12:01]} 17. dxc5 {[%clk 00:21:21]}
{[%emt 00:08:15]} Rac8 {[%clk 00:19:18]} {[%emt 00:10:40]} 18. c6 {[%clk
00:21:24]} {[%emt 00:00:28]} Qxc6 {[%clk 00:17:38]} {[%emt 00:02:10]} 19. Bxf6
{[%clk 00:19:08]} {[%emt 00:02:46]} exf6 {[%clk 00:17:58]} {[%emt 00:00:11]}
20. Qxa7 {[%clk 00:19:02]} {[%emt 00:00:36]} Ra8 {[%clk 00:16:44]} {[%emt
00:01:43]} 21. Qe7 {[%clk 00:18:38]} {[%emt 00:00:53]} Bxa2 {[%clk 00:14:54]}
{[%emt 00:02:22]} 22. Nd4 {[%clk 00:18:58]} {[%emt 00:00:10]} Qd6 {[%clk
00:14:20]} {[%emt 00:01:04]} 23. Qe3 {[%clk 00:15:54]} {[%emt 00:03:33]} Bc4
{[%clk 00:14:14]} {[%emt 00:00:37]} 24. Qh6 {[%clk 00:16:07]} {[%emt 00:00:15]}
Re8 {[%clk 00:12:14]} {[%emt 00:02:30]} 25. Re3 {[%clk 00:11:42]} {[%emt
00:04:56]} 1/2-1/2

[Event "ODJM A 2025"]
[Site "Willingen GER"]
[Date "2025.06.13"]
[Round "8"]
[White "Lutze, Max"]
[Black "Kliashtornyi, Arkadii"]
[Result "1/2-1/2"]
[Termination "normal"]
[Board "2"]
[WhiteElo "2177"]
[BlackElo "2194"]
[WhiteClock "00:59:42"]
[BlackClock "00:45:26"]
[PlyCount "40"]
[WhiteFideId "34614850"]
[BlackFideId "34119698"]
[EventCountry "GER"]
[EventRounds "9"]
[EventType "swiss"]
[EventDate "2025.06.07"]

1. e4 {[%clk 01:29:46]} {[%emt 00:01:14]} c6 {[%clk 01:30:42]} {[%emt
00:00:18]} 2. d4 {[%clk 01:30:12]} {[%emt 00:00:04]} d5 {[%clk 01:31:07]}
{[%emt 00:00:06]} 3. e5 {[%clk 01:30:37]} {[%emt 00:00:03]} Bf5 {[%clk
01:31:31]} {[%emt 00:00:06]} 4. h4 {[%clk 01:31:03]} {[%emt 00:00:04]} h5
{[%clk 01:31:52]} {[%emt 00:00:09]} 5. Bd3 {[%clk 01:31:29]} {[%emt 00:00:05]}
Bxd3 {[%clk 01:32:06]} {[%emt 00:00:16]} 6. Qxd3 {[%clk 01:31:53]} {[%emt
00:00:06]} Qa5+ {[%clk 01:32:23]} {[%emt 00:00:13]} 7. Nd2 {[%clk 01:32:10]}
{[%emt 00:00:12]} e6 {[%clk 01:32:48]} {[%emt 00:00:06]} 8. Ngf3 {[%clk
01:32:27]} {[%emt 00:00:12]} Nh6 {[%clk 01:33:12]} {[%emt 00:00:07]} 9. O-O
{[%clk 01:32:51]} {[%emt 00:00:06]} Nf5 {[%clk 01:33:30]} {[%emt 00:00:11]} 10.
Nb3 {[%clk 01:33:15]} {[%emt 00:00:07]} Qa6 {[%clk 01:33:55]} {[%emt 00:00:06]}
11. Qc3 {[%clk 01:33:40]} {[%emt 00:00:04]} Nd7 {[%clk 01:29:05]} {[%emt
00:05:20]} 12. Bg5 {[%clk 01:33:19]} {[%emt 00:00:50]} Qb6 {[%clk 01:24:25]}
{[%emt 00:05:10]} 13. Qd2 {[%clk 01:25:56]} {[%emt 00:07:54]} c5 {[%clk
01:20:26]} {[%emt 00:04:30]} 14. c3 {[%clk 01:26:02]} {[%emt 00:00:23]} cxd4
{[%clk 01:03:08]} {[%emt 00:17:48]} 15. cxd4 {[%clk 01:26:11]} {[%emt
00:00:20]} Bb4 {[%clk 01:02:32]} {[%emt 00:01:07]} 16. Qd3 {[%clk 01:24:37]}
{[%emt 00:02:04]} O-O {[%clk 00:57:58]} {[%emt 00:05:04]} 17. Nc1 {[%clk
01:21:19]} {[%emt 00:03:48]} Rfc8 {[%clk 00:49:38]} {[%emt 00:08:50]} 18. Ne2
{[%clk 01:20:34]} {[%emt 00:01:14]} Qa6 {[%clk 00:47:53]} {[%emt 00:02:15]} 19.
Qxa6 {[%clk 00:59:57]} {[%emt 00:21:07]} bxa6 {[%clk 00:48:22]} {[%emt
00:00:02]} 20. Rfc1 {[%clk 00:59:42]} {[%emt 00:00:45]} Nb6 {[%clk 00:45:26]}
{[%emt 00:03:25]} 1/2-1/2